000 00546nam a2200169Ia 4500
008 240729s9999 xx 000 0 und d
022 _a2150-4113
245 0 _aHealth and Human Rights
260 _aUnited States
260 _bHarvard FXB Center for Health and Human Rights
650 _a Public aspects of medicine | Social Sciences
650 _a Social history and conditions. Social problems. Social reform
650 _aMedicine
856 _uhttps://doaj.org/toc/d76f90f2b99b4fb683a39130608ee0a2
942 _2ddc
942 _cDOAJEJ
999 _c71077
_d71077
945 _a1
_bMadushi Gamage
_c1
_dMadushi Gamage